Lyrics: Wir sind Helden - Von hier an blind - Statistiken

Allgemein
  • Dieses Quiz wurde 10 mal gespielt
  • Das Durchschnittsergebnis liegt bei 305 aus 394
Antwortstatistiken
Textquiz % Korrekt
Er
100%
es
100%
hier
100%
ich
100%
Ich
100%
"Ich
100%
nicht
100%
sind
100%
von
100%
weiter
100%
wir
100%
wo
100%
an
83%
blind
83%
Blind
83%
dem
83%
den
83%
die
83%
ein
83%
in
83%
mein
83%
und
83%
weiß
83%
dann
67%
der
67%
im
67%
kein
67%
mehr
67%
nie
67%
nie"
67%
nie)
67%
noch
67%
vor
67%
zu
67%
Brausen
50%
davor
50%
dazwischen
50%
draußen
50%
Flausen
50%
ihm
50%
keine
50%
Männerchor
50%
Ohr
50%
Stille
50%
Tor
50%
war
50%
(War
50%
(war
50%
zwei
50%
aber
33%
außer
33%
beklagen
33%
Bienenschwarm
33%
dich
33%
erklang
33%
Fragen
33%
getragen
33%
ging
33%
haben
33%
(hm)
33%
Knie
33%
Knie"
33%
Leid
33%
Magen
33%
mei'm
33%
Meter
33%
nahm
33%
neue
33%
nichts
33%
sagte:
33%
sang
33%
Tagen
33%
tausend
33%
uns
33%
Wagen
33%
Zwischen
33%
zwischen
33%
blieb
17%
endlich
17%
Füßen
17%
geh
17%
geschlagen
17%
"Gib
17%
Kopf
17%
Kragen
17%
liefen
17%
Lücke
17%
Pause
17%
sagen
17%
schlagen
17%
setzte
17%
Straße
17%
vertragen
17%
Keine übereinstimmenden Quizze gefunden
Verteilung der Resultate
Anzahl Personen mit jedem Resultat
Perzentil nach korrekt beantworteten Fragen
Ihre Resultats-Entwicklung
Sie haben dieses Quiz noch nicht gespielt